Statistics for Country decoder

Click here to take the quiz!

General Stats

  • This quiz has been taken 500 times
    (416 since last reset)
  • The average score is 15 of 23

Answer Stats

HintAnswer% Correct
RLargest country in the worldRussia
98%
IOnly jewish country in the worldIsrael
93%
AQueensland is a state hereAustralia
92%
PMachu Picchu is situated herePeru
91%
NIts neighbours are China and IndiaNepal
87%
ILimerick is a city hereIreland
85%
RGenocide in 1994 took place hereRwanda
76%
LNational anthem is "Pheng Xat Lao"Laos
75%
FThe Winter War was fought between Soviet Union and this countryFinland
68%
UIdi Amin was dictator hereUganda
67%
AIts capital is LuandaAngola
63%
TOnly recognized by 25 countriesTaiwan
61%
RThe Danube delta is mostly situated hereRomania
59%
CNikola Tesla were from hereCroatia
58%
EIs called Eesti in its own languageEstonia
56%
EOnly country in Africa where spanish is an official languageEquatorial Guinea
55%
Hidden country:Central African Republic
52%
AFlag is red, blue and orangeArmenia
47%
CIts capital is MoroniComoros
44%
CFirst country to abolish its armyCosta Rica
40%
BBetween 1958-1984 known as Republic of Upper VoltaBurkina Faso
39%
NFormerly known as Pleasant IslandNauru
39%
LUsed to be a British colony called BasutolandLesotho
38%

Score Distribution

Percentile by Number Answered

Percent of People with Each Score

Your Score History

You have not taken this quiz since the last reset